survellance Application (SAPP). BESE-17 (Record no. 217709)
[ view plain ]
| 000 -LEADER | |
|---|---|
| fixed length control field | 00451 a2200169 4500 |
| 003 - CONTROL NUMBER IDENTIFIER | |
| control field | Nust |
| 005 - DATE AND TIME OF LATEST TRANSACTION | |
| control field | 20170207171611.0 |
| 040 ## - CATALOGING SOURCE | |
| Transcribing agency | Nust |
| 082 ## - DEWEY DECIMAL CLASSIFICATION NUMBER | |
| Classification number | 005.1 |
| 100 ## - MAIN ENTRY--PERSONAL NAME | |
| Personal name | Bilal, Muhammad. BESE-17 |
| 245 ## - TITLE STATEMENT | |
| Title | survellance Application (SAPP). BESE-17 |
| Statement of responsibility, etc. | Muhammad Bilal, Javed Akhtar, Safeer Iqbal. |
| 260 ## - PUBLICATION, DISTRIBUTION, ETC. | |
| Place of publication, distribution, etc. | Rawalpindi |
| Name of publisher, distributor, etc. | MCS |
| Date of publication, distribution, etc. | June 2015 |
| 300 ## - PHYSICAL DESCRIPTION | |
| Extent | xii,79p. |
| 538 ## - SYSTEM DETAILS NOTE | |
| System details note | Almirah No 72 Shelf No 6 |
| 650 ## - SUBJECT ADDED ENTRY--TOPICAL TERM | |
| Topical term or geographic name entry element | UG Projects |
| 651 ## - SUBJECT ADDED ENTRY--GEOGRAPHIC NAME | |
| Geographic name | UG CS Projects |
| 942 ## - ADDED ENTRY ELEMENTS (KOHA) | |
| Koha item type | |
| Withdrawn status | Lost status | Source of classification or shelving scheme | Damaged status | Not for loan | Collection code | Permanent Location | Current Location | Date acquired | Total Checkouts | Full call number | Barcode | Date last seen | Price effective from | Koha item type |
|---|---|---|---|---|---|---|---|---|---|---|---|---|---|---|
| Military College of Signals (MCS) | Military College of Signals (MCS) | 12/12/2016 | 005.1 BIL | MCSPCS-275 | 12/08/2016 | 12/12/2016 | Book |
